Countries with the Deepest Metro Stations - Statistics

General Stats
  • This quiz has been taken 72 times
  • The average score is 11 of 16
Answer Stats
m Country ft % Correct
79 United States 259
97%
72 Canada 236
92%
94.5 China 308
92%
86 Russia 282
91%
58.5 United Kingdom 192
91%
45 Mexico 147
86%
55.5 South Korea 182
83%
73.5 Spain 241
81%
105.5 Ukraine 346
66%
72 Turkey 236
58%
100 North Korea 328
56%
43 Singapore 141
53%
55 Taiwan 180
52%
67 Iran 220
44%
53 Czech Republic 174
41%
46 Malaysia 150
36%
No matching quizzes found
Score Distribution
Percent of People with Each Score
Percentile by Number Answered
Your Score History
You have not taken this quiz